000 00263nam a2200109Ia 4500
008 260210s9999 xx 000 0 und d
020 _a9787560982939
100 _aHustp
245 0 _aUrban Landscape Decoration (Price Printed)
260 _bHustp
942 _cBPLAN
999 _c14229
_d14229